000 00383nam a2200169Ia 4500
008 230711s9999||||xx |||||||||||||| ||und||
041 _aENG
082 _a540
_bVI-A
100 _aVizi,P.K
245 0 _aApplied Chemistry-I
250 _a4th Ed.
260 _c2011
_aJalandhar
_bLord Publications
300 _a424p.
650 _aChemistry
700 _aVizi,Shikha
942 _cBK
999 _c7670
_d7670